000 00797nam a2200181 i 4500
001 157206
003 ES-MaACL
005 20250809031526.0
008 991028s1888 sp |||| | spa d
100 1 _aLastres y Juiz, Francisco,
_d1848-1918
_970504
245 1 4 _aLos actos de comercio y la jurisdicción mercantil
_b: conferencia pronunciada en el Círculo de la Unión Mercantil de Madrid el día 3 de abril de 1888 /
_cpor Francisco Lastres.
260 _aMadrid :
_b[s.n.],
_c1888 (
_fTip. de Manuel Ginés Hernández)
300 _a20 p. ;
_c23 cm.
650 7 _aDerecho mercantil
_2embne
_9135891
710 2 _aCírculo de la Unión Mercantil (Madrid)
_9134324
852 _aES-MaACL
_jT-539-F-4
_z- Enc. hol.
_q- Falto de cub. original
_z- Enc. en un vol. facticio
999 _c157206
_d157206